000 00333pab a2200157 454500
008 180718b2012 xxu||||| |||| 00| 0 eng d
100 _aKoshy, Ninan
245 _aNato's legitimacy crisis
260 _c2012
300 _ap.31-33.
362 _a2 Jun
650 _aNATO
773 _aMainstream
908 _aN
909 _a96239
999 _c96239
_d96239